000 00984nam a22002777a 4500
001 9251
003 FISKH
005 20251205101616.0
008 251205b cb ||||| |||| 00| 0 eng d
020 _a9780816749829
040 _aFISKH
_beng
_cFISKH
_dFISKH
082 _a597.8
100 _aSchultz, Ellen
245 _aFrogs and Toads :
_cWritten by Ellen Schultz ; Illustrated by Pedro J. Gonzalez
260 _aUnited States :
_bTroll,
_c1999.
300 _a47 pages :
_bcolor illustrations ;
_c18 x 23 cm
490 _aI can read about
505 _aG
520 _aDescribes how frogs and toads appear in the springtime, follows their life cycle through the year, and discusses the differences between frogs and toads and the various species of the creatures.
521 8 _a400
_bLexile estimate
521 8 _aG
_bRaz-Plus
650 _aAmphibians
_vScience
_xAnimals
700 _aGonzalez, Pedro J.
_eillustrator
942 _2ddc
_cBK
_n0
999 _c9251
_d9251